| 000 | 01269nmm a2200445 a 4500 | ||
|---|---|---|---|
| 003 | AR-BaBNM | ||
| 005 | 20251128204728.0 | ||
| 008 | 236019s1992 ||||||||||||||000 | spa|| | ||
| 020 | _a968-6285-66-0 | ||
| 040 | _cAR-BaBNM | ||
| 245 | 1 | 0 | _aUna antología de la poesía norteamericana desde 1950 |
| 250 | _a1ª ed. | ||
| 260 |
_aMéxico, D.F. _bEdiciones del Equilibrista _c1992 |
||
| 300 | _a620 p. | ||
| 500 | _aContiene índice general de los contenido | ||
| 500 | _aIndice de traductores | ||
| 500 | _aEnsayo sobre la historia de la poesía estadounidense desde 1950 | ||
| 504 | _aBibliografía para el lector | ||
| 600 | 1 | 4 | _aWilliams, William Carlos |
| 600 | 1 | 4 | _aPound, Ezra |
| 600 | 1 | 4 | _aReznikoff, Charles |
| 600 | 1 | 4 | _aNiedecker, Lorine |
| 600 | 1 | 4 | _aOppen, George |
| 600 | 1 | 4 | _aOlson, Charles |
| 600 | 1 | 4 | _aDuncan, Robert |
| 600 | 1 | 4 | _aBronk, William |
| 600 | 1 | 4 | _aEverson, William |
| 600 | 1 | 4 | _aSpicer, Jack |
| 600 | 1 | 4 | _aO'Hara, Frank |
| 650 | 4 | _aLITERATURA ESTADOUNIDENSE | |
| 650 | 4 | _aPOESIA | |
| 650 | 4 | _aSIGLO VEINTE | |
| 650 | 4 | _aANTOLOGIAS | |
| 653 | _aMODERNISMO | ||
| 655 | _aLITERATURA | ||
| 700 | 1 |
_aWeinberger, Eliot _eeditor |
|
| 700 | 1 |
_aBaranda, María _etraductor |
|
| 942 | _cBK | ||
| 998 | _cisola | ||
| 999 |
_c8589 _d8589 |
||